000 00287nam a2200097 a 4500
005 20200930030816.0
008 110331s1995 000 spa d
245 0 _aPlataforma de acción para el avance de la mujer dominicana 1995-2001.
260 _aSanto Domingo,
_c1995.
999 _c26894
_d26894
040 _aDO-SdBNP